Berkenalan dengan puisi

Bibliographic Details
Main Author: Dharmawijaya
Format: Book
Published: Petaling Jaya : Fajar Bakti , 1989
Subjects:

MARC

LEADER 00000cam a2200000 7i4500
001 0000004801
002 000005176
005 20000330.0
020 |a 9676503789 
090 0 0 |a 899.281   |b DHA 
100 0 |a Dharmawijaya 
245 1 0 |a Berkenalan dengan puisi   |c Dharmawijaya 
260 |a Petaling Jaya :   |b Fajar Bakti ,   |c 1989 
300 |a 118p. ;   |c 22cm. 
650 0 0 |a Malay poetry 
999 |a 037532   |b BUKU   |c PINJAMAN   |e PERPUSTAKAAN KOMUNITI PETALING JAYA